| 000 | 01404cac a22003615a 4500 | ||
|---|---|---|---|
| 001 | 14576218 | ||
| 005 | 20150831120307.0 | ||
| 008 | 060929t2007 enka |rb 001 0 eng | ||
| 010 | _a2006032523 | ||
| 015 |
_aGBA6A0268 _2bnb |
||
| 016 | 7 |
_a013612870 _2Uk |
|
| 020 | _a9780470030301 | ||
| 035 | _a(OCoLC)ocm71947859 | ||
| 035 | _a(OCoLC)71947859 | ||
| 040 |
_aDLC _beng _cDLC _dBAKER _dUKM _dOCL _dYDXCP _dBTCTA _dC#P _dIXA _dDLC _dEG-ScBUE |
||
| 050 | 0 | 0 |
_aHF5548.32 _b.F375 2007 |
| 082 | 0 | 4 |
_a658.872028563 _bFAS _222 |
| 100 | 1 |
_aFasli, Maria. _912389 |
|
| 245 | 1 | 0 |
_aAgent Technology for e-Commerce / _cMaria Fasli. |
| 260 |
_aChichester: _bJohn Wiley & Sons, Ltd, _cc.2007. |
||
| 300 |
_axxv, 453 p. : _bill. ; _c24 cm. |
||
| 500 | _aIndex : p. 445-453. | ||
| 504 | _aBibliography : p. 413-443. | ||
| 590 | _adoha | ||
| 650 | 0 |
_aElectronic commerce. _912390 _2BUEsh |
|
| 650 | 0 |
_aIntelligent agents (Computer software) _912391 _2BUEsh |
|
| 651 | _2BUEsh | ||
| 856 | 4 | 1 |
_3Table of contents only _uhttp://www.loc.gov/catdir/toc/ecip072/2006032523.html |
| 856 | 4 | 2 |
_3Contributor biographical information _uhttp://www.loc.gov/catdir/enhancements/fy0741/2006032523-b.html |
| 856 | 4 | 2 |
_3Publisher description _uhttp://www.loc.gov/catdir/enhancements/fy0741/2006032523-d.html |
| 942 |
_2ddc _cNB |
||
| 999 |
_c13615 _d13615 |
||